Normal view MARC view
  • Enseñanza asistida por computadora

Entry Materia

Number of records used in: 84

001 - NÚMERO DE CONTROL DEL REGISTRO

  • campo de control: 4965

003 - IDENTIFICADOR DE NUMERO DE CONTROL

  • campo de control: MX-MxUPN

005 - FECHA Y HORA DE LA ÚLTIMA TRANSACCIÓN

  • campo de control: 20260417122025.0

008 - DATOS DE LONGITUD FIJA

  • campo de control de longitud fija: 230329n||acnnnbabn | ana |d

035 ## - NÚMERO DE CONTROL DEL SISTEMA

  • Número de control del sistema: UPN10000004965

040 ## - FUENTE DE LA CATALOGACIÓN

  • Lengua de catalogación: spa
  • Centro catalogador de origen: MX-MxUPN

046 ## - FECHAS CON CODIFICACIÓN ESPECIAL

  • Fecha final para contenidos agregados: 220913

150 ## - ENCABEZAMIENTO - TEMÁTICO

  • Término de materia o nombre geográfico como elemento inicial: Enseñanza asistida por computadora

360 ## - REFERENCIA COMPLEJA DE VÉASE ADEMÁS - MATERIA

  • Texto explicativo: Subdivisión
  • Encabezamiento al que se remite: Enseñanza asistida por computadora
  • Texto explicativo: bajo encabezamientos de tópico, ej.:
  • Encabezamiento al que se remite: Química - Enseñanza asistida por computadora

450 ## - VÉASE - MATERIA

  • Encabezamiento temático: Enseñanza con ayuda de computadores

450 ## - VÉASE - MATERIA

  • Encabezamiento temático: Instrucción asistida por computadora

550 ## - VÉASE ADEMÁS - MATERIA

  • Encabezamiento temático o nombre geográfico como elemento de entrada: Enseñanza basada en el uso de la web
  • Subcampo de control: h

670 ## - FUENTE EN LA QUE SE LOCALIZARON DATOS

  • Cita de la fuente: LC/P
  • Información localizada: (Computer -- assisted instruction)

902 ## - CATALOGADOR

  • Catalogador: MEEG/220906
  • Catalogador: JohanaAllegre/170426